000 01180nam a2200337 i 4500
003 DO-SdBNP
005 20260309112158.0
007 ta
008 260129b2025 dr ||||| |||| 00| 0 spa d
020 _a97855555555555
040 _aDO-SdBNP
_bspa
_cBNPHU
_erda
041 _aspa
082 4 _aRD860.5
_bM433a
_222
100 1 _aMatos, Michael,
_d1995-
_eautor
_4aut.
_988921
245 1 0 _aAntes del siempre :
_blo más real no pasó todavía… aún lo estamos soñando /
_cMichael Manuel Matos Monteros.
250 _aPrimera edición
264 4 _aSanto Domingo, República Dominicana :
_bEditora Jhoel,
_c©2025.
300 _a152 páginas ;
_c22 cm.
336 _atexto
_btxt
_2rdacontent
337 _asin mediación
_bn
_2rdamedia
338 _avolumen
_bnc
_2rdacarrier
500 _aIncluye datos biográficos del autor en las páginas [9]-11
590 _aInventariado, 2026 /LP
650 7 _aEnsayos dominicanos
_2LEMB
650 7 _aPoesía dominicana
_2LEMB
650 7 _aCuentos dominicanos
_2LEMB
650 7 _aNovela dominicana
_2LEMB
_9223
650 7 _aLiteratura dominicana
_2LEMB
910 _aLP/Validado. Control de calidad MFF
942 _2ddc
_cLBS1
999 _c60161
_d60161